[Event "WCO2014"]
[Site "Tromso"]
[Date "2014.08.12"]
[Round "10.19"]
[WhiteID "11601345"]
[White "Berzina Ilze"]
[BlackID "5204585"]
[Black "Fronda Jan Jodilyn"]
[Result "1/2-1/2"]
[LiveChessVersion "1.4.3"]
[BlackElo "2098"]
[WhiteElo "2247"]

1. e4 {[%clk 1:30:57]} c5 {[%clk 1:30:53]} 2. Nf3 {[%clk 1:31:12]} e6
{[%clk 1:31:13]} 3. d4 {[%clk 1:30:20]} cxd4 {[%clk 1:31:36]} 4. Nxd4
{[%clk 1:30:37]} Nc6 {[%clk 1:32:01]} 5. Nxc6 {[%clk 1:25:31]} bxc6
{[%clk 1:31:21]} 6. Bd3 {[%clk 1:24:17]} d5 {[%clk 1:31:29]} 7. O-O
{[%clk 1:23:26]} Nf6 {[%clk 1:31:17]} 8. e5 {[%clk 1:01:03]} Nd7 {[%clk 1:31:03]}
9. f4 {[%clk 0:56:14]} Qb6+ {[%clk 1:27:29]} 10. Kh1 {[%clk 0:56:27]} h5
{[%clk 1:27:50]} 11. Nd2 {[%clk 0:54:30]} Nc5 {[%clk 1:21:50]} 12. Nf3
{[%clk 0:50:43]} h4 {[%clk 1:15:36]} 13. Ng5 {[%clk 0:44:49]} Be7
{[%clk 1:12:59]} 14. Be3 {[%clk 0:39:01]} Qxb2 {[%clk 1:04:58]} 15. Bxc5
{[%clk 0:36:43]} Bxc5 {[%clk 1:05:22]} 16. Qg4 {[%clk 0:33:46]} Qb7
{[%clk 0:53:41]} 17. f5 {[%clk 0:19:25]} exf5 {[%clk 0:35:30]} 18. Bxf5
{[%clk 0:19:37]} Bxf5 {[%clk 0:35:42]} 19. Qxf5 {[%clk 0:15:45]} Rf8
{[%clk 0:34:39]} 20. e6 {[%clk 0:15:18]} f6 {[%clk 0:34:02]} 21. e7
{[%clk 0:09:24]} Qxe7 {[%clk 0:27:04]} 22. Rae1 {[%clk 0:09:43]} Be3
{[%clk 0:27:26]} 23. Ne6 {[%clk 0:09:00]} d4 {[%clk 0:27:42]} 24. Nxd4
{[%clk 0:07:23]} Bxd4 {[%clk 0:25:29]} 25. Rxe7+ {[%clk 0:07:45]} Kxe7
{[%clk 0:25:57]} 26. Qe4+ {[%clk 0:07:47]} Be5 {[%clk 0:26:26]} 27. Qxc6
{[%clk 0:07:31]} Rac8 {[%clk 0:26:36]} 28. Qb7+ {[%clk 0:07:01]} Rc7
{[%clk 0:26:06]} 29. Qb4+ {[%clk 0:07:24]} Kf7 {[%clk 0:26:03]} 30. Qe4
{[%clk 0:05:57]} Kg8 {[%clk 0:23:32]} 31. Qd5+ {[%clk 0:05:41]} Kh8
{[%clk 0:21:52]} 32. Qe4 {[%clk 0:04:32]} Kg8 {[%clk 0:21:33]} 33. c4
{[%clk 0:04:17]} Rd8 {[%clk 0:21:16]} 34. Qxh4 {[%clk 0:03:06]} Rd4
{[%clk 0:21:20]} 35. Qh5 {[%clk 0:02:19]} Rcxc4 {[%clk 0:20:15]} 36. Qe8+
{[%clk 0:02:36]} Kh7 {[%clk 0:20:41]} 37. Qh5+ {[%clk 0:02:59]} Kg8
{[%clk 0:21:07]} 38. g3 {[%clk 0:03:08]} Rc2 {[%clk 0:17:48]} 39. Qe8+
{[%clk 0:03:15]} Kh7 {[%clk 0:18:17]} 40. Qh5+ {[%clk 0:03:15]} Kg8
{[%clk 0:18:47]} 41. Rd1 {[%clk 0:27:31]} Rxd1+ {[%clk 0:47:05]} 42. Qxd1
{[%clk 0:27:57]} Rc7 {[%clk 0:47:16]} 43. Kg2 {[%clk 0:27:24]} Kf7
{[%clk 0:47:23]} 44. Qd5+ {[%clk 0:27:28]} Kg6 {[%clk 0:46:57]} 45. a4
{[%clk 0:26:40]} Rc2+ {[%clk 0:46:48]} 46. Kh3 {[%clk 0:26:58]} Rc7
{[%clk 0:47:12]} 47. a5 {[%clk 0:26:59]} Kg5 {[%clk 0:44:53]} 48. a6
{[%clk 0:26:13]} Kf5 {[%clk 0:44:16]} 49. Kg2 {[%clk 0:24:05]} Rc2+
{[%clk 0:44:09]} 50. Kf3 {[%clk 0:23:00]} Rc3+ {[%clk 0:44:35]} 51. Ke2
{[%clk 0:22:24]} Rc2+ {[%clk 0:44:57]} 52. Kd3 {[%clk 0:21:44]} Rc3+
{[%clk 0:45:22]} 53. Kd2 {[%clk 0:21:54]} Rc7 {[%clk 0:45:48]} 54. h3
{[%clk 0:20:55]} Kg6 {[%clk 0:45:52]} 55. Qe6 {[%clk 0:20:04]} Kh7
{[%clk 0:43:54]} 56. g4 {[%clk 0:20:13]} g5 {[%clk 0:42:10]} 57. Kd3
{[%clk 0:19:24]} Kg7 {[%clk 0:42:24]} 58. Ke4 {[%clk 0:19:27]} Bg3
{[%clk 0:40:42]} 59. Qb3 {[%clk 0:17:55]} Re7+ {[%clk 0:40:12]} 60. Kd5
{[%clk 0:17:11]} Be5 {[%clk 0:39:23]} 61. Qb4 {[%clk 0:13:29]} Kf7
{[%clk 0:39:39]} 62. Qe4 {[%clk 0:13:15]} Rd7+ {[%clk 0:39:07]} 63. Kc6
{[%clk 0:12:48]} Rc7+ {[%clk 0:39:29]} 64. Kb5 {[%clk 0:13:04]} Kg7
{[%clk 0:39:56]} 65. Qf5 {[%clk 0:12:19]} Bd4 {[%clk 0:38:01]} 66. Qe6
{[%clk 0:11:46]} Be5 {[%clk 0:38:13]} 67. Qe8 {[%clk 0:11:42]} Bg3
{[%clk 0:38:17]} 68. Qe3 {[%clk 0:10:47]} Bf4 {[%clk 0:38:28]} 69. Qe4
{[%clk 0:10:33]} Bg3 {[%clk 0:38:49]} 70. Qf3 {[%clk 0:10:43]} Be5
{[%clk 0:39:13]} 71. Qf5 {[%clk 0:10:16]} Bg3 {[%clk 0:39:34]} 72. Qd3
{[%clk 0:10:18]} Be5 {[%clk 0:39:57]} 73. Qf3 {[%clk 0:10:13]} Bd4
{[%clk 0:39:51]} 74. Qg3 {[%clk 0:09:47]} Be5 {[%clk 0:40:19]} 75. Qf2
{[%clk 0:10:00]} Bd6 {[%clk 0:39:06]} 76. h4 {[%clk 0:06:45]} gxh4
{[%clk 0:35:55]} 77. Qxh4 {[%clk 0:07:06]} Bf4 {[%clk 0:32:36]} 78. Qf2
{[%clk 0:06:58]} Be5 {[%clk 0:32:57]} 79. Qe3 {[%clk 0:07:03]} Re7
{[%clk 0:31:11]} 80. Kc6 {[%clk 0:05:36]} Kf7 {[%clk 0:30:56]} 81. Qb3+
{[%clk 0:05:30]} Kg7 {[%clk 0:31:16]} 82. Kd5 {[%clk 0:05:47]} Kf7
{[%clk 0:30:33]} 83. Ke4+ {[%clk 0:06:10]} Kg7 {[%clk 0:30:56]} 84. Kf3
{[%clk 0:05:48]} Rc7 {[%clk 0:31:23]} 85. Qe6 {[%clk 0:06:02]} Bb2
{[%clk 0:25:38]} 86. Qe8 {[%clk 0:06:03]} Rf7 {[%clk 0:24:49]} 87. Ke4
{[%clk 0:06:03]} Rc7 {[%clk 0:25:11]} 88. Qb8 {[%clk 0:05:14]} Be5
{[%clk 0:25:32]} 89. Kf5 {[%clk 0:05:17]} Bg3 {[%clk 0:21:24]} 90. Qb3
{[%clk 0:04:08]} Bh2 {[%clk 0:18:14]} 91. Qb2 {[%clk 0:03:59]} Be5
{[%clk 0:18:38]} 92. Qb5 {[%clk 0:04:08]} Re7 {[%clk 0:18:25]} 93. Qc6
{[%clk 0:04:11]} Bd4 {[%clk 0:17:05]} 94. Qd6 {[%clk 0:03:32]} Re5+
{[%clk 0:17:32]} 95. Kf4 {[%clk 0:03:48]} Bb6 {[%clk 0:17:37]} 96. Qd7+
{[%clk 0:03:46]} Kg6 {[%clk 0:17:51]} 97. Qd3+ {[%clk 0:04:00]} 1/2-1/2

[Event "WCO2014"]
[Site "Tromso"]
[Date "2014.08.12"]
[Round "10.20"]
[WhiteID "5202744"]
[White "Perena Catherine"]
[BlackID "11602260"]
[Black "Skinke Katrina"]
[Result "0-1"]
[LiveChessVersion "1.4.3"]
[BlackElo "2217"]
[WhiteElo "2165"]

1. Nf3 {[%clk 1:30:54]} Nf6 {[%clk 1:30:43]} 2. d4 {[%clk 1:31:15]} g6
{[%clk 1:30:47]} 3. g3 {[%clk 1:30:13]} Bg7 {[%clk 1:30:05]} 4. Bg2
{[%clk 1:30:35]} d6 {[%clk 1:27:47]} 5. O-O {[%clk 1:30:27]} O-O {[%clk 1:28:12]}
6. c4 {[%clk 1:28:13]} Nc6 {[%clk 1:27:09]} 7. Nc3 {[%clk 1:28:20]} a6
{[%clk 1:23:25]} 8. h3 {[%clk 1:26:18]} Bd7 {[%clk 1:22:52]} 9. e4
{[%clk 1:26:09]} e5 {[%clk 1:22:27]} 10. Be3 {[%clk 1:24:27]} exd4
{[%clk 1:20:17]} 11. Nxd4 {[%clk 1:24:43]} Qc8 {[%clk 1:19:37]} 12. Kh2
{[%clk 1:22:50]} Re8 {[%clk 1:16:36]} 13. Rc1 {[%clk 1:17:00]} Re5
{[%clk 0:53:31]} 14. Nxc6 {[%clk 0:57:09]} bxc6 {[%clk 0:52:41]} 15. Bf4
{[%clk 0:57:13]} Rh5 {[%clk 0:31:39]} 16. h4 {[%clk 0:55:42]} Ng4+
{[%clk 0:19:47]} 17. Kg1 {[%clk 0:51:58]} Be5 {[%clk 0:19:28]} 18. Bxe5
{[%clk 0:43:17]} Rxe5 {[%clk 0:19:29]} 19. Qd2 {[%clk 0:41:27]} Rb8
{[%clk 0:19:15]} 20. f4 {[%clk 0:32:32]} Re8 {[%clk 0:18:45]} 21. c5
{[%clk 0:31:54]} Qb7 {[%clk 0:12:35]} 22. Nd1 {[%clk 0:23:37]} Qb4
{[%clk 0:11:03]} 23. Qd3 {[%clk 0:20:38]} d5 {[%clk 0:10:34]} 24. exd5
{[%clk 0:14:07]} cxd5 {[%clk 0:10:38]} 25. a3 {[%clk 0:13:44]} Bb5
{[%clk 0:07:49]} 26. Qxd5 {[%clk 0:09:17]} Qa5 {[%clk 0:08:01]} 27. Rc3
{[%clk 0:07:03]} Bxf1 {[%clk 0:07:19]} 28. Bxf1 {[%clk 0:06:09]} Rbd8
{[%clk 0:04:24]} 29. Qf3 {[%clk 0:04:20]} Re1 {[%clk 0:03:57]} 30. Nf2
{[%clk 0:02:59]} Rxf1+ {[%clk 0:03:28]} 0-1

[Event "WCO2014"]
[Site "Tromso"]
[Date "2014.08.12"]
[Round "10.14"]
[WhiteID "2602121"]
[White "Khoudgarian Natalia"]
[BlackID "1620550"]
[Black "Exler Veronika"]
[Result "0-1"]
[LiveChessVersion "1.4.3"]
[BlackElo "2189"]
[WhiteElo "2136"]

1. e4 {[%clk 1:30:58]} e5 {[%clk 1:30:55]} 2. Nf3 {[%clk 1:31:20]} Nc6
{[%clk 1:31:20]} 3. Nc3 {[%clk 1:31:41]} Nf6 {[%clk 1:31:45]} 4. d4
{[%clk 1:32:05]} exd4 {[%clk 1:32:10]} 5. Nxd4 {[%clk 1:32:30]} Bb4
{[%clk 1:32:27]} 6. Nxc6 {[%clk 1:32:51]} bxc6 {[%clk 1:32:50]} 7. Bd3
{[%clk 1:33:16]} d5 {[%clk 1:33:12]} 8. exd5 {[%clk 1:33:37]} cxd5
{[%clk 1:33:36]} 9. O-O {[%clk 1:33:59]} O-O {[%clk 1:34:00]} 10. h3
{[%clk 1:34:22]} Rb8 {[%clk 1:34:03]} 11. Bg5 {[%clk 1:08:03]} c6
{[%clk 1:34:21]} 12. Qf3 {[%clk 0:51:34]} Re8 {[%clk 1:34:28]} 13. Bxf6
{[%clk 0:43:18]} Qxf6 {[%clk 1:34:52]} 14. Qxf6 {[%clk 0:43:45]} gxf6
{[%clk 1:35:15]} 15. Ne2 {[%clk 0:33:26]} Bd6 {[%clk 1:34:02]} 16. b3
{[%clk 0:29:19]} c5 {[%clk 1:28:54]} 17. c4 {[%clk 0:20:18]} d4 {[%clk 1:25:08]}
18. Ng3 {[%clk 0:15:46]} Bxg3 {[%clk 1:22:00]} 19. fxg3 {[%clk 0:16:12]} Kg7
{[%clk 1:22:17]} 20. Rae1 {[%clk 0:15:56]} Bb7 {[%clk 1:17:08]} 21. Rxe8
{[%clk 0:11:38]} Rxe8 {[%clk 1:17:31]} 22. Kf2 {[%clk 0:11:42]} Re3
{[%clk 1:16:28]} 23. Rd1 {[%clk 0:12:02]} a5 {[%clk 1:11:19]} 24. Bf5
{[%clk 0:10:20]} h6 {[%clk 1:08:08]} 25. Rd2 {[%clk 0:10:16]} Kf8
{[%clk 1:01:17]} 26. Rd3 {[%clk 0:10:09]} Re5 {[%clk 0:59:44]} 27. g4
{[%clk 0:10:35]} Ke7 {[%clk 0:58:14]} 28. Rd2 {[%clk 0:05:51]} Kd6
{[%clk 0:58:00]} 29. Bd3 {[%clk 0:04:50]} Re3 {[%clk 0:45:39]} 30. Bf5
{[%clk 0:05:02]} Bc6 {[%clk 0:45:23]} 31. Rd3 {[%clk 0:04:01]} Re7
{[%clk 0:42:18]} 32. a3 {[%clk 0:03:27]} Rb7 {[%clk 0:41:16]} 33. a4
{[%clk 0:02:59]} Ke5 {[%clk 0:39:35]} 34. Bc8 Be4 {[%clk 0:36:33]} 35. Bxb7
{[%clk 0:01:34]} Bxd3 {[%clk 0:36:56]} 36. Bc6 {[%clk 0:00:39]} Bc2
{[%clk 0:37:15]} 37. Ke2 {[%clk 0:00:36]} Kf4 {[%clk 0:35:22]} 38. b4
{[%clk 0:00:58]} cxb4 {[%clk 0:34:15]} 39. c5 Ke5 {[%clk 0:09:03]} 40. Kd2
{[%clk 0:00:59]} Bb3 41. g3 {[%clk 0:20:11]} Bd5 {[%clk 0:31:03]} 42. Bb5
{[%clk 0:15:50]} Bg2 {[%clk 0:30:40]} 43. h4 {[%clk 0:08:34]} Kd5
{[%clk 0:22:11]} 44. c6 {[%clk 0:04:46]} Kd6 {[%clk 0:22:35]} 45. Kd3
{[%clk 0:03:50]} Bxc6 {[%clk 0:22:53]} 46. Bc4 {[%clk 0:03:58]} Kc5
{[%clk 0:22:53]} 47. Bb3 {[%clk 0:04:17]} Bd7 {[%clk 0:22:52]} 48. Bxf7
{[%clk 0:01:43]} Bxa4 {[%clk 0:23:16]} 49. g5 {[%clk 0:01:27]} fxg5
{[%clk 0:23:39]} 50. h5 {[%clk 0:00:40]} Bc6 {[%clk 0:19:42]} 0-1

[Event "WCO2014"]
[Site "Tromso"]
[Date "2014.08.12"]
[Round "10.15"]
[WhiteID "1621629"]
[White "Newrkla Katharina"]
[BlackID "2603365"]
[Black "Botez Alexandra"]
[Result "0-1"]
[LiveChessVersion "1.4.3"]
[BlackElo "2089"]
[WhiteElo "2135"]

1. e4 {[%clk 1:30:58]} e6 {[%clk 1:30:55]} 2. d4 {[%clk 1:31:24]} d5
{[%clk 1:31:20]} 3. Nc3 {[%clk 1:31:50]} Nf6 {[%clk 1:31:44]} 4. e5
{[%clk 1:32:16]} Nfd7 {[%clk 1:32:09]} 5. f4 {[%clk 1:32:40]} c5 {[%clk 1:32:34]}
6. Nf3 {[%clk 1:33:06]} Nc6 {[%clk 1:33:00]} 7. Be3 {[%clk 1:33:28]} a6
{[%clk 1:33:09]} 8. Qd2 {[%clk 1:31:20]} b5 {[%clk 1:33:31]} 9. a3
{[%clk 1:29:23]} Qb6 {[%clk 1:33:29]} 10. Ne2 {[%clk 1:25:35]} Rb8
{[%clk 1:32:12]} 11. g4 {[%clk 1:08:28]} h5 {[%clk 1:31:57]} 12. gxh5
{[%clk 1:08:20]} Rxh5 {[%clk 1:32:07]} 13. Ng3 {[%clk 1:08:40]} Rh8
{[%clk 1:31:40]} 14. h4 {[%clk 0:57:14]} cxd4 {[%clk 1:31:39]} 15. Nxd4
{[%clk 0:55:33]} Nxd4 {[%clk 1:32:01]} 16. Bxd4 {[%clk 0:55:49]} Qc7
{[%clk 1:29:34]} 17. Bd3 {[%clk 0:49:59]} Nc5 {[%clk 1:28:40]} 18. h5
{[%clk 0:28:12]} Bd7 {[%clk 1:26:58]} 19. h6 {[%clk 0:16:09]} Rxh6
{[%clk 1:20:39]} 20. Rxh6 {[%clk 0:16:34]} gxh6 {[%clk 1:21:05]} 21. Nh5
{[%clk 0:16:58]} Kd8 {[%clk 1:17:34]} 22. Qg2 {[%clk 0:08:20]} Nxd3+
{[%clk 1:10:23]} 23. cxd3 {[%clk 0:08:45]} Be8 {[%clk 0:59:53]} 24. Qg8
{[%clk 0:05:15]} Be7 {[%clk 0:51:02]} 25. Ng7 {[%clk 0:04:59]} Qc6
{[%clk 0:47:16]} 26. Bc3 {[%clk 0:00:48]} d4 {[%clk 0:39:53]} 27. Ba5+
{[%clk 0:01:14]} Kd7 {[%clk 0:39:47]} 28. Nxe8 {[%clk 0:00:40]} Qh1+
{[%clk 0:35:58]} 29. Ke2 {[%clk 0:00:40]} Qh2+ {[%clk 0:34:44]} 30. Kf3
{[%clk 0:00:39]} Rxe8 {[%clk 0:32:43]} 31. Qg1 {[%clk 0:00:48]} Qh5+
{[%clk 0:29:30]} 32. Qg4 {[%clk 0:00:51]} Qxg4+ {[%clk 0:29:45]} 33. Kxg4
{[%clk 0:01:18]} Rc8 {[%clk 0:30:03]} 34. Bb6 {[%clk 0:00:36]} Rc2
{[%clk 0:26:43]} 35. Bxd4 {[%clk 0:01:00]} Rd2 {[%clk 0:27:06]} 36. Rh1
{[%clk 0:00:37]} Rxd3 {[%clk 0:27:20]} 37. Bc3 {[%clk 0:00:37]} Bxa3
{[%clk 0:27:10]} 38. Rxh6 {[%clk 0:00:37]} b4 {[%clk 0:23:41]} 39. Be1
{[%clk 0:00:54]} Bxb2 {[%clk 0:22:58]} 40. Bxb4 {[%clk 0:01:15]} Rd4
{[%clk 0:21:59]} 41. Bf8 {[%clk 0:20:54]} Bc1 {[%clk 0:51:21]} 42. Rf6
{[%clk 0:21:13]} Ke8 {[%clk 0:51:42]} 43. Bc5 {[%clk 0:21:19]} Rc4
{[%clk 0:52:04]} 44. Bb6 {[%clk 0:18:02]} Bd2 {[%clk 0:52:05]} 45. Kf3
{[%clk 0:12:15]} a5 {[%clk 0:51:44]} 46. f5 {[%clk 0:03:13]} Bg5 {[%clk 0:44:44]}
47. fxe6 {[%clk 0:00:48]} Bxf6 {[%clk 0:45:03]} 48. exf6 {[%clk 0:00:53]} a4
{[%clk 0:45:17]} 49. exf7+ {[%clk 0:00:45]} Kxf7 {[%clk 0:45:35]} 50. Ke3
{[%clk 0:01:01]} a3 {[%clk 0:45:56]} 51. Kd3 {[%clk 0:01:24]} Rc6
{[%clk 0:45:07]} 52. Bd4 {[%clk 0:01:43]} Rd6 {[%clk 0:45:31]} 0-1

[Event "WCO2014"]
[Site "Tromso"]
[Date "2014.08.12"]
[Round "10.16"]
[WhiteID "505161"]
[White "Zhou Qiyu"]
[BlackID "12000086"]
[Black "Novkovic Julia"]
[Result "1-0"]
[LiveChessVersion "1.4.3"]
[BlackElo "2131"]
[WhiteElo "2109"]

1. e4 {[%clk 1:30:58]} c5 {[%clk 1:30:53]} 2. Nf3 {[%clk 1:31:24]} d6
{[%clk 1:31:06]} 3. d4 {[%clk 1:31:49]} cxd4 {[%clk 1:31:31]} 4. Nxd4
{[%clk 1:32:15]} Nf6 {[%clk 1:31:54]} 5. Nc3 {[%clk 1:32:41]} Nc6
{[%clk 1:32:19]} 6. Bg5 {[%clk 1:30:02]} Bd7 {[%clk 1:32:29]} 7. Be2
{[%clk 1:27:01]} Rc8 {[%clk 1:25:06]} 8. O-O {[%clk 1:24:37]} a6 {[%clk 1:20:40]}
9. Kh1 {[%clk 1:18:52]} e6 {[%clk 1:11:48]} 10. Qd2 {[%clk 1:11:44]} h6
{[%clk 1:10:39]} 11. Be3 {[%clk 1:07:06]} Ne5 {[%clk 1:01:08]} 12. f4
{[%clk 1:01:28]} Neg4 {[%clk 0:54:52]} 13. Bg1 {[%clk 0:59:57]} h5
{[%clk 0:39:41]} 14. Bf3 {[%clk 0:59:22]} Qc7 {[%clk 0:34:06]} 15. Rae1
{[%clk 0:57:01]} Be7 {[%clk 0:31:35]} 16. Qe2 {[%clk 0:48:11]} Qc4
{[%clk 0:26:04]} 17. e5 {[%clk 0:47:10]} dxe5 {[%clk 0:23:29]} 18. fxe5
{[%clk 0:45:29]} Nd5 {[%clk 0:15:10]} 19. Qxc4 {[%clk 0:45:00]} Rxc4
{[%clk 0:15:34]} 20. Nxd5 {[%clk 0:45:22]} exd5 {[%clk 0:14:56]} 21. Bxd5
{[%clk 0:45:43]} Rc5 {[%clk 0:12:00]} 22. Bxf7+ {[%clk 0:44:37]} Kd8
{[%clk 0:12:00]} 23. e6 {[%clk 0:42:16]} Bc6 {[%clk 0:08:55]} 24. Nf5
{[%clk 0:40:38]} Rxc2 {[%clk 0:08:36]} 25. Bb6+ {[%clk 0:41:02]} 1-0

[Event "WCO2014"]
[Site "Tromso"]
[Date "2014.08.12"]
[Round "10.9"]
[WhiteID "3409414"]
[White "Abarca Gonzalez Damaris"]
[BlackID "12502014"]
[Black "Pourkashiyan Atousa"]
[Result "0-1"]
[LiveChessVersion "1.4.3"]
[BlackElo "2352"]
[WhiteElo "2049"]

1. e4 {[%clk 1:30:49]} c5 {[%clk 1:30:54]} 2. Nf3 {[%clk 1:31:02]} e6
{[%clk 1:30:41]} 3. d4 {[%clk 1:31:13]} cxd4 {[%clk 1:31:05]} 4. Nxd4
{[%clk 1:31:40]} a6 {[%clk 1:31:22]} 5. Bd3 {[%clk 1:31:50]} Bc5 {[%clk 1:31:25]}
6. Nb3 {[%clk 1:32:11]} Be7 {[%clk 1:31:44]} 7. Qg4 {[%clk 1:32:23]} Nf6
{[%clk 1:31:28]} 8. Qg3 {[%clk 1:26:59]} d6 {[%clk 1:31:03]} 9. O-O
{[%clk 1:26:32]} Nc6 {[%clk 1:30:58]} 10. Kh1 {[%clk 1:24:15]} Nh5
{[%clk 1:22:50]} 11. Qg4 {[%clk 1:23:19]} g6 {[%clk 1:22:31]} 12. Qe2
{[%clk 1:19:22]} O-O {[%clk 1:19:43]} 13. Nc3 {[%clk 1:17:24]} b5
{[%clk 1:18:52]} 14. a3 {[%clk 1:17:42]} Bb7 {[%clk 1:18:08]} 15. f4
{[%clk 1:17:22]} Re8 {[%clk 1:16:20]} 16. Bd2 {[%clk 1:04:03]} Bf8
{[%clk 1:15:14]} 17. Rae1 {[%clk 1:00:35]} Bg7 {[%clk 1:14:30]} 18. Qf2
{[%clk 0:58:32]} Qc7 {[%clk 1:11:03]} 19. Be3 {[%clk 0:48:51]} Rac8
{[%clk 1:04:57]} 20. Bb6 {[%clk 0:39:39]} Qb8 {[%clk 0:59:23]} 21. Be2
{[%clk 0:28:16]} Nf6 {[%clk 0:57:23]} 22. Bf3 {[%clk 0:28:27]} Nd7
{[%clk 0:45:30]} 23. Be3 {[%clk 0:28:26]} b4 {[%clk 0:45:26]} 24. axb4
{[%clk 0:27:47]} Nxb4 {[%clk 0:45:53]} 25. Bd4 {[%clk 0:24:12]} e5
{[%clk 0:38:07]} 26. Ba7 {[%clk 0:23:21]} Qc7 {[%clk 0:37:07]} 27. Bg4
{[%clk 0:23:25]} Ra8 {[%clk 0:36:08]} 28. Be3 {[%clk 0:19:06]} exf4
{[%clk 0:26:07]} 29. Bxf4 {[%clk 0:15:14]} Ne5 {[%clk 0:26:33]} 30. Bf3
{[%clk 0:14:36]} Nc4 {[%clk 0:23:17]} 31. Bc1 {[%clk 0:07:05]} Rf8
{[%clk 0:17:05]} 32. Nd4 {[%clk 0:06:07]} Bxd4 {[%clk 0:15:16]} 33. Qxd4
{[%clk 0:06:27]} Nxc2 34. Qf6 {[%clk 0:06:32]} Qd8 {[%clk 0:16:01]} 35. Qxd8
{[%clk 0:06:28]} Raxd8 {[%clk 0:15:32]} 36. Rd1 {[%clk 0:03:28]} N4e3
{[%clk 0:10:53]} 37. Rd2 {[%clk 0:02:53]} f5 {[%clk 0:10:32]} 38. Rg1
{[%clk 0:02:15]} f4 {[%clk 0:07:39]} 39. Nd5 {[%clk 0:01:44]} Bxd5
{[%clk 0:05:13]} 40. exd5 {[%clk 0:02:02]} Rc8 {[%clk 0:05:02]} 41. b3
{[%clk 0:29:14]} Rc3 {[%clk 0:32:47]} 42. Be4 {[%clk 0:23:56]} Nb4
{[%clk 0:22:22]} 43. Bb2 {[%clk 0:15:59]} Rxb3 {[%clk 0:22:27]} 44. Bd4
{[%clk 0:14:09]} Re8 {[%clk 0:19:37]} 45. Bf3 {[%clk 0:13:55]} Rc8
{[%clk 0:14:25]} 46. Bf6 {[%clk 0:10:26]} Rc2 {[%clk 0:08:48]} 47. Rxc2
{[%clk 0:09:31]} Nbxc2 {[%clk 0:09:03]} 48. Rc1 {[%clk 0:09:22]} Kf7
{[%clk 0:06:46]} 49. Bg5 {[%clk 0:08:46]} Rb4 {[%clk 0:07:15]} 50. Be2
{[%clk 0:08:17]} a5 {[%clk 0:07:14]} 51. Bd3 {[%clk 0:07:54]} a4 {[%clk 0:06:46]}
52. Kg1 {[%clk 0:07:18]} a3 {[%clk 0:05:52]} 53. Bxc2 {[%clk 0:02:09]} Nxc2
{[%clk 0:05:49]} 54. Kf2 {[%clk 0:01:00]} a2 {[%clk 0:05:02]} 55. Rxc2
{[%clk 0:01:15]} a1=Q {[%clk 0:05:20]} 56. Rc7+ {[%clk 0:01:35]} Ke8
{[%clk 0:05:44]} 0-1

[Event "WCO2014"]
[Site "Tromso"]
[Date "2014.08.12"]
[Round "10.10"]
[WhiteID "12505951"]
[White "Hejazipour Mitra"]
[BlackID "3405494"]
[Black "Jorquera Cabello Valentina"]
[Result "1-0"]
[LiveChessVersion "1.4.3"]
[BlackElo "1999"]
[WhiteElo "2269"]

1. d4 {[%clk 1:30:35]} Nf6 {[%clk 1:30:51]} 2. c4 {[%clk 1:30:54]} g6
{[%clk 1:30:34]} 3. Nf3 {[%clk 1:30:46]} Bg7 {[%clk 1:30:58]} 4. g3
{[%clk 1:31:07]} O-O {[%clk 1:31:23]} 5. Bg2 {[%clk 1:31:29]} d5 {[%clk 1:31:48]}
6. cxd5 {[%clk 1:31:39]} Nxd5 {[%clk 1:32:13]} 7. O-O {[%clk 1:32:01]} Nb6
{[%clk 1:32:25]} 8. Nc3 {[%clk 1:32:24]} Nc6 {[%clk 1:31:52]} 9. e3
{[%clk 1:32:49]} Re8 {[%clk 1:31:46]} 10. d5 {[%clk 1:31:47]} Na5
{[%clk 1:31:49]} 11. Nd4 {[%clk 1:32:11]} Bd7 {[%clk 1:30:07]} 12. Rb1
{[%clk 1:32:11]} c5 {[%clk 1:28:40]} 13. dxc6 {[%clk 1:21:20]} Nxc6
{[%clk 1:27:50]} 14. Nxc6 {[%clk 1:21:32]} Bxc6 {[%clk 1:28:12]} 15. Bxc6
{[%clk 1:21:31]} bxc6 {[%clk 1:28:29]} 16. Qc2 {[%clk 1:16:14]} Qc8
{[%clk 1:23:35]} 17. Ne2 {[%clk 1:12:59]} h5 {[%clk 1:22:47]} 18. Kg2
{[%clk 1:06:08]} e5 {[%clk 1:22:16]} 19. e4 {[%clk 1:05:45]} h4 {[%clk 1:08:44]}
20. Be3 {[%clk 1:03:03]} h3+ {[%clk 1:03:13]} 21. Kg1 {[%clk 1:01:59]} Qe6
{[%clk 0:56:56]} 22. b3 {[%clk 1:01:50]} f5 {[%clk 0:55:56]} 23. f3
{[%clk 0:59:31]} Rf8 {[%clk 0:47:09]} 24. Rbc1 {[%clk 0:57:20]} Rac8
{[%clk 0:47:06]} 25. Bc5 {[%clk 0:49:59]} Rf7 {[%clk 0:46:29]} 26. Rcd1
{[%clk 0:40:49]} Bf8 {[%clk 0:42:31]} 27. Be3 {[%clk 0:36:15]} c5
{[%clk 0:38:46]} 28. a3 {[%clk 0:31:41]} c4 {[%clk 0:38:11]} 29. b4
{[%clk 0:31:54]} c3 {[%clk 0:34:21]} 30. Nxc3 {[%clk 0:25:51]} Na4
{[%clk 0:16:44]} 31. Qa2 {[%clk 0:17:49]} Qxa2 {[%clk 0:13:05]} 32. Nxa2
{[%clk 0:18:17]} Nb2 {[%clk 0:11:28]} 33. Rc1 {[%clk 0:16:24]} Rxc1
{[%clk 0:09:53]} 34. Bxc1 {[%clk 0:15:11]} Nd3 {[%clk 0:08:50]} 35. Be3
{[%clk 0:13:37]} f4 {[%clk 0:03:42]} 36. gxf4 {[%clk 0:13:34]} Nxf4
{[%clk 0:04:07]} 37. Bxf4 {[%clk 0:13:36]} exf4 {[%clk 0:04:15]} 38. Rd1
{[%clk 0:08:17]} Rc7 {[%clk 0:04:08]} 39. Rd2 {[%clk 0:08:45]} Be7
{[%clk 0:03:29]} 40. Kf1 {[%clk 0:06:44]} Kf7 {[%clk 0:03:01]} 41. Ke2
{[%clk 0:03:28]} Bh4 {[%clk 0:03:05]} 42. a4 {[%clk 0:26:21]} Ke6
{[%clk 0:29:25]} 43. b5 {[%clk 0:25:13]} Bg3 {[%clk 0:27:37]} 44. Kf1
{[%clk 0:25:15]} Bh4 {[%clk 0:27:44]} 45. a5 {[%clk 0:24:11]} Bf6
{[%clk 0:25:20]} 46. Ke2 {[%clk 0:20:30]} Rc5 {[%clk 0:24:43]} 47. b6
{[%clk 0:16:56]} Rxa5 {[%clk 0:18:53]} 48. bxa7 {[%clk 0:16:57]} Rxa7
{[%clk 0:19:17]} 49. Nc1 {[%clk 0:17:22]} g5 {[%clk 0:17:58]} 50. Nd3
{[%clk 0:16:41]} Kf7 {[%clk 0:13:03]} 51. Nf2 {[%clk 0:14:20]} Ke6
{[%clk 0:09:05]} 52. Ng4 {[%clk 0:13:27]} Be7 {[%clk 0:08:49]} 53. Rc2
{[%clk 0:12:47]} Bd6 {[%clk 0:08:28]} 54. Rc3 {[%clk 0:10:34]} Ra2+
{[%clk 0:06:52]} 55. Kd3 {[%clk 0:11:03]} Ra1 {[%clk 0:05:29]} 56. Kd4
{[%clk 0:07:38]} Rg1 {[%clk 0:03:47]} 57. Kc4 {[%clk 0:05:20]} Rd1
{[%clk 0:03:10]} 58. Rd3 {[%clk 0:04:58]} Rc1+ {[%clk 0:03:36]} 59. Kb3
{[%clk 0:05:11]} Rf1 {[%clk 0:03:27]} 60. Rc3 {[%clk 0:05:04]} Bb8
{[%clk 0:03:23]} 61. Kc2 {[%clk 0:04:33]} Kd7 {[%clk 0:01:18]} 62. Rb3
{[%clk 0:03:40]} Bc7 {[%clk 0:01:17]} 63. Kd2 {[%clk 0:03:54]} Ra1
{[%clk 0:00:49]} 64. Kd3 {[%clk 0:03:06]} Ra5 {[%clk 0:00:46]} 65. Rc3
{[%clk 0:02:37]} Bb6 {[%clk 0:00:47]} 66. e5 {[%clk 0:02:38]} Ra2
{[%clk 0:00:44]} 67. Rc1 {[%clk 0:02:11]} Be3 {[%clk 0:00:51]} 68. Rb1
{[%clk 0:02:26]} Bc5 {[%clk 0:01:00]} 69. Kc4 {[%clk 0:01:58]} Be3
{[%clk 0:01:15]} 70. Rb7+ {[%clk 0:01:39]} Ke6 {[%clk 0:01:24]} 71. Rh7
{[%clk 0:02:08]} Rc2+ {[%clk 0:00:41]} 72. Kb3 {[%clk 0:02:28]} Rc1
{[%clk 0:00:43]} 73. Rxh3 {[%clk 0:02:48]} Rf1 {[%clk 0:00:42]} 74. Kc2
{[%clk 0:01:55]} Bd4 {[%clk 0:00:50]} 75. Rh6+ Ke7 76. Kd3 {[%clk 0:02:02]} Bb2
{[%clk 0:00:34]} 77. Ke4 {[%clk 0:02:31]} Bc3 {[%clk 0:00:42]} 78. h4
{[%clk 0:01:50]} gxh4 {[%clk 0:00:39]} 79. Rxh4 Bd2 {[%clk 0:00:48]} 80. Rh7+
{[%clk 0:02:17]} Ke6 {[%clk 0:00:41]} 81. Rh6+ {[%clk 0:02:40]} Ke7
{[%clk 0:01:08]} 82. Nf6 {[%clk 0:02:52]} Re1+ {[%clk 0:00:35]} 83. Kf5
{[%clk 0:03:17]} Bc3 {[%clk 0:00:43]} 84. Nd5+ 1-0